<?xml version="1.0" encoding="UTF-8"?><?xml-stylesheet type="text/xsl" href="static/style.xsl"?><OAI-PMH xmlns="http://www.openarchives.org/OAI/2.0/" xmlns:xsi="http://www.w3.org/2001/XMLSchema-instance" xsi:schemaLocation="http://www.openarchives.org/OAI/2.0/ http://www.openarchives.org/OAI/2.0/OAI-PMH.xsd"><responseDate>2026-04-14T17:13:11Z</responseDate><request verb="GetRecord" identifier="oai:uvadoc.uva.es:10324/62876" metadataPrefix="marc">https://uvadoc.uva.es/oai/request</request><GetRecord><record><header><identifier>oai:uvadoc.uva.es:10324/62876</identifier><datestamp>2025-03-26T19:45:19Z</datestamp><setSpec>com_10324_5262</setSpec><setSpec>com_10324_5186</setSpec><setSpec>com_10324_29291</setSpec><setSpec>col_10324_62871</setSpec></header><metadata><record xmlns="http://www.loc.gov/MARC21/slim" xmlns:doc="http://www.lyncode.com/xoai" xmlns:xsi="http://www.w3.org/2001/XMLSchema-instance" xmlns:dcterms="http://purl.org/dc/terms/" xsi:schemaLocation="http://www.loc.gov/MARC21/slim http://www.loc.gov/standards/marcxml/schema/MARC21slim.xsd">
<leader>00925njm 22002777a 4500</leader>
<datafield tag="042" ind1=" " ind2=" ">
<subfield code="a">dc</subfield>
</datafield>
<datafield tag="720" ind1=" " ind2=" ">
<subfield code="a">Hinojosa Torralvo, Juan José</subfield>
<subfield code="e">author</subfield>
</datafield>
<datafield tag="260" ind1=" " ind2=" ">
<subfield code="c">2023</subfield>
</datafield>
<datafield tag="520" ind1=" " ind2=" ">
<subfield code="a">En 2015 se introdujo en la Ley General Tributaria Española una medida consistente en la publicidad de las situaciones de incumplimiento relevante de las obligaciones tributarias (nuevo art. 95 bis). La publicidad se efectúa en listado de deudores. La inclusión en el listado es automática si el importe acumulado de las deudas y sanciones no pagadas en período voluntario supera la cantidad mínima establecida en la ley.


El Tribunal Supremo de España se ha pronunciado por primera vez sobre esta medida en cuatro sentencias que, entre otros pronunciamientos, declaran que las deudas y sanciones susceptibles de ser incluidas en el listado han de ser firmes y que el importe de las liquidaciones vinculadas a delito no pueden ser objeto de la publicidad administrativa citada.


Este trabajo analiza estas sentencias desde la perspectiva de los derechos fundamentales al honor y la intimidad personal y familiar, conforme a la jurisprudencia emanada del propio Tribunal Supremo y la del Tribunal Europeo de Derechos Humanos y el Tribunal de Justicia de la Unión Europea.</subfield>
</datafield>
<datafield tag="024" ind2=" " ind1="8">
<subfield code="a">Revista de Estudios Europeos; Núm. Extraordinario monográfico 2 (2023): Los derechos fundamentales en el siglo XXI pags. 271-310</subfield>
</datafield>
<datafield tag="024" ind2=" " ind1="8">
<subfield code="a">2530-9854</subfield>
</datafield>
<datafield tag="024" ind2=" " ind1="8">
<subfield code="a">https://uvadoc.uva.es/handle/10324/62876</subfield>
</datafield>
<datafield tag="024" ind2=" " ind1="8">
<subfield code="a">10.24197/ree.Extraordinario monográfico 2.2023.271-310</subfield>
</datafield>
<datafield tag="024" ind2=" " ind1="8">
<subfield code="a">271</subfield>
</datafield>
<datafield tag="024" ind2=" " ind1="8">
<subfield code="a">Extraordinario monográfico 2</subfield>
</datafield>
<datafield tag="024" ind2=" " ind1="8">
<subfield code="a">310</subfield>
</datafield>
<datafield tag="245" ind1="0" ind2="0">
<subfield code="a">Un análisis jurisprudencial sobre derechos fundamentales y publicidad de listas de morosos tributarios</subfield>
</datafield>
</record></metadata></record></GetRecord></OAI-PMH>